[Event "Schachfestival 2014"]
[Site "Bad Wörishofen"]
[Date "2014.03.23"]
[Round "4.65"]
[White "Plug, Arjan"]
[Black "Specht, Helmut"]
[Result "1-0"]
[WhiteElo "1879"]
[BlackElo "2011"]
[Annotator "chessorg"]
[PlyCount "51"]
[EventDate "2014.??.??"]
[WhiteTeam "Daniel Noteboom"]

1. d4 d5 2. Bg5 Nd7 3. Nf3 Ngf6 4. e3 c6 5. Bd3 h6 6. Bh4 e6 7. O-O Bd6 8. c4
dxc4 9. Bxc4 O-O 10. Nc3 Re8 11. e4 e5 12. d5 Nb6 13. Bb3 cxd5 14. Bxd5 Nbxd5
15. Nxd5 g5 16. Bg3 Nxe4 17. Qa4 Nxg3 18. fxg3 Kg7 19. Rad1 Be6 20. Nc3 Qb6+
21. Kh1 Rad8 22. Ne4 Bb8 23. Qc2 f6 24. Nxf6 Rh8 25. Nh5+ Kf8 26. Nxe5+ 1-0

[Event "Schachfestival 2014"]
[Site "Bad Wörishofen"]
[Date "2014.03.23"]
[Round "4.66"]
[White "Kleinhenz, Hans-Georg"]
[Black "Goris, Ton"]
[Result "0-1"]
[WhiteElo "1887"]
[BlackElo "2006"]
[Annotator "chessorg"]
[PlyCount "50"]
[EventDate "2014.??.??"]
[WhiteTeam "Stolberger Schachverein 1927"]

1. b3 Nf6 2. Bb2 d5 3. e3 e6 4. Nf3 c5 5. c4 Nc6 6. cxd5 exd5 7. d4 Be6 8. Nbd2
Bd6 9. Rc1 cxd4 10. Nxd4 Nxd4 11. exd4 O-O 12. Be2 Qe7 13. O-O Rac8 14. Nf3 Ba3
15. Bxa3 Qxa3 16. Rxc8 Rxc8 17. Qb1 Ne4 18. Bd3 Bf5 19. Re1 g6 20. g4 Nc3 21.
Bxf5 Nxb1 22. Bxc8 Nc3 23. Re8+ Kg7 24. Bxb7 Qxa2 25. Ne5 Ne4 0-1

[Event "Schachfestival 2014"]
[Site "Bad Wörishofen"]
[Date "2014.03.23"]
[Round "4.69"]
[White "Straub, Hermann"]
[Black "Schreib, Marc"]
[Result "1/2-1/2"]
[WhiteElo "1992"]
[BlackElo "1859"]
[Annotator "chessorg"]
[PlyCount "46"]
[EventDate "2014.??.??"]
[WhiteTeam "SK Frankenthal"]
[BlackTeam "SF Deisenhofen"]

1. b3 d5 2. Bb2 Nf6 3. e3 g6 4. f4 Bg7 5. Nf3 c5 6. Be2 Nc6 7. O-O O-O 8. Ne5
Qc7 9. Bf3 Ne4 10. Nd3 Bxb2 11. Nxb2 e5 12. Bxe4 dxe4 13. Nc3 exf4 14. Rxf4 f5
15. Nc4 Be6 16. Qe2 a6 17. Rc1 b5 18. Nb2 Qe5 19. a4 Rfd8 20. Rf2 Rab8 21. axb5
axb5 22. Rcf1 Nb4 23. Qd1 Nd5 1/2-1/2

[Event "Schachfestival 2014"]
[Site "Bad Wörishofen"]
[Date "2014.03.23"]
[Round "4.73"]
[White "Gerhards, Walter"]
[Black "Engl, Heinz"]
[Result "0-1"]
[WhiteElo "1911"]
[BlackElo "2084"]
[Annotator "chessorg"]
[PlyCount "86"]
[EventDate "2014.??.??"]
[WhiteTeam "Ratinger Schachklub 1950"]
[BlackTeam "DBSB"]

1. e4 c5 2. Nf3 d6 3. Nc3 Nc6 4. d4 cxd4 5. Nxd4 Nf6 6. Be2 g6 7. Be3 Bg7 8.
Qd2 O-O 9. f3 d5 10. Nxc6 bxc6 11. O-O-O Be6 12. Bh6 Qa5 13. Bxg7 Kxg7 14. b3
dxe4 15. fxe4 Qa3+ 16. Kb1 a5 17. Qd4 Rfb8 18. Ka1 c5 19. Qa4 Qb4 20. Kb2 Ra7
21. Bf3 Qb6 22. e5 Nd7 23. Rhe1 c4 24. Nd5 Bxd5 25. Bxd5 cxb3 26. axb3 e6 27.
Bc4 Nc5 28. Qa3 Qc7 29. Re3 Rab7 30. Rb1 Nd7 31. Kc1 Qb6 32. Re1 Qf2 33. Qxa5
Nb6 34. Bd3 Nd5 35. Qd2 Qc5 36. Ra1 Rxb3 37. Qa5 Qc6 38. Kd2 R3b4 39. Qa3 Nf4
40. Re3 Qxg2+ 41. Be2 Nxe2 42. Rxe2 Rd4+ 43. Kc3 Qd5 0-1

[Event "Schachfestival 2014"]
[Site "Bad Wörishofen"]
[Date "2014.03.23"]
[Round "4.76"]
[White "Schulz, Gert"]
[Black "Hornung, Hans"]
[Result "1/2-1/2"]
[WhiteElo "2004"]
[BlackElo "2122"]
[Annotator "chessorg"]
[PlyCount "25"]
[EventDate "2014.??.??"]
[WhiteTeam "DBSB"]
[BlackTeam "SK Klosterlechfeld"]

1. d4 Nf6 2. c4 e6 3. Nc3 Bb4 4. g3 O-O 5. Bg2 d5 6. Nf3 Nc6 7. O-O dxc4 8. Bg5
h6 9. Bxf6 Qxf6 10. e3 Bxc3 11. bxc3 e5 12. Nd2 exd4 13. cxd4 1/2-1/2

[Event "Schachfestival 2014"]
[Site "Bad Wörishofen"]
[Date "2014.03.23"]
[Round "4.85"]
[White "Natterer, Winfried"]
[Black "Frei, Markus"]
[Result "0-1"]
[WhiteElo "1831"]
[BlackElo "1958"]
[Annotator "chessorg"]
[PlyCount "58"]
[EventDate "2014.??.??"]
[BlackTeam "Freibauer Moerlenbach-Birkenau"]

1. e4 c5 2. Nf3 Nc6 3. d4 cxd4 4. Nxd4 Nf6 5. Nc3 e5 6. Nb3 Bb4 7. Bg5 h6 8.
Bxf6 Qxf6 9. Qd3 O-O 10. a3 Bxc3+ 11. Qxc3 d6 12. O-O-O Be6 13. f3 Rac8 14. Qe3
Bxb3 15. cxb3 Nd4+ 16. Kb1 b5 17. Be2 Qe6 18. Rd3 Rc2 19. Re1 Rfc8 20. Bf1 a5
21. b4 axb4 22. axb4 Ra8 23. Ra3 Rxa3 24. Qxa3 Qc8 25. h4 Rc6 26. Rd1 Ra6 27.
Qc3 Qa8 28. b3 Ra3 29. Rc1 Rxb3+ 0-1

[Event "Schachfestival 2014"]
[Site "Bad Wörishofen"]
[Date "2014.03.23"]
[Round "4.86"]
[White "Spanton, Tim"]
[Black "Dahmen, Jürgen"]
[Result "1-0"]
[WhiteElo "1949"]
[BlackElo "1807"]
[Annotator "chessorg"]
[PlyCount "57"]
[EventDate "2014.??.??"]
[WhiteTeam "Hastings"]
[BlackTeam "SV Stuttgart-Wolfbusch 1956 e.V."]

1. c4 c5 2. g3 Nf6 3. Bg2 e6 4. Nf3 Be7 5. Nc3 a6 6. O-O O-O 7. e4 d6 8. d4
cxd4 9. Nxd4 Nbd7 10. b3 Qc7 11. Bb2 Rb8 12. Rc1 Ne5 13. Bh1 b6 14. f4 Neg4 15.
Qd2 Bb7 16. h3 Nh6 17. g4 Nfxg4 18. hxg4 Nxg4 19. f5 d5 20. Qf4 Qxf4 21. Rxf4
exf5 22. Nxf5 Bg5 23. Rxg4 Bxc1 24. Rxg7+ Kh8 25. Bxc1 dxe4 26. Bxe4 Bxe4 27.
Nxe4 f6 28. Bb2 Rbe8 29. Nxf6 1-0

[Event "Schachfestival 2014"]
[Site "Bad Wörishofen"]
[Date "2014.03.23"]
[Round "4.94"]
[White "Holzberger, Richard"]
[Black "Distelrath, Oliver"]
[Result "1-0"]
[WhiteElo "1613"]
[BlackElo "1964"]
[Annotator "chessorg"]
[PlyCount "38"]
[EventDate "2014.??.??"]
[WhiteTeam "Roter Turm Altstadt München"]
[BlackTeam "SV Unser Fritz Wanne-Eickel"]

1. Nf3 d6 2. d4 f5 3. Bf4 Nf6 4. h3 g6 5. e3 Bg7 6. Bd3 O-O 7. c3 h6 8. Qb3+
Kh7 9. Nbd2 c5 10. d5 a6 11. c4 Nbd7 12. Qc2 Nh5 13. g4 Nxf4 14. exf4 Nb6 15.
g5 h5 16. O-O-O Bd7 17. Rde1 Na4 18. b3 Bb2+ 19. Kb1 Nc3+ 1-0

[Event "Schachfestival 2014"]
[Site "Bad Wörishofen"]
[Date "2014.03.23"]
[Round "4.96"]
[White "Traversi, Carlo"]
[Black "Tichacek, Alois"]
[Result "0-1"]
[WhiteElo "1538"]
[BlackElo "1770"]
[Annotator "chessorg"]
[PlyCount "66"]
[EventDate "2014.??.??"]
[BlackTeam "MOD"]

1. Nf3 Nf6 2. d4 d5 3. b3 g6 4. e3 Bg7 5. Be2 O-O 6. O-O Nbd7 7. Bb2 a6 8. c4
e6 9. Nbd2 Ne8 10. cxd5 exd5 11. e4 c6 12. e5 Nc7 13. Ba3 Re8 14. h3 Nb5 15.
Bb2 c5 16. Bxb5 axb5 17. dxc5 Nxc5 18. Qc2 Qe7 19. Rfe1 Bf5 20. Qc3 Rac8 21.
Qe3 Nd3 22. Reb1 Nxb2 23. Rxb2 Qa3 24. Qd4 Re7 25. Re1 Rce8 26. Nb1 Qa5 27. b4
Qd8 28. Nc3 Rd7 29. Rbe2 h6 30. Nxb5 Be6 31. Qd3 Bf5 32. Qd4 Be4 33. Nd6 Rxd6
0-1